|
|
|
|
| LEADER |
02011nam a2200517 a 4500 |
| 001 |
nkc20071708691 |
| 003 |
CZ PrNK |
| 005 |
20111130124235.0 |
| 007 |
ta |
| 008 |
070213s2007 xr a g f 000 0 cze |
| 015 |
|
|
|a cnb001708691
|
| 020 |
|
|
|a 978-80-251-1476-6
|q (brož.)
|
| 035 |
|
|
|a (OCoLC)124091646
|
| 040 |
|
|
|a OLA001
|b cze
|d ABA001
|
| 072 |
|
7 |
|a 74
|x Kresba. Umělecká řemesla
|2 Konspekt
|9 21
|
| 080 |
|
|
|a 746.7
|2 MRF
|
| 080 |
|
|
|a 688.78/.79
|2 MRF
|
| 080 |
|
|
|a (035)
|2 MRF
|
| 080 |
|
|
|a (084.11)
|2 MRF
|
| 100 |
1 |
|
|a Svobodová, Blanka,
|d 1973-
|7 mzk2006368442
|4 aut
|
| 245 |
1 |
0 |
|a Hrátky s pedigem /
|c Blanka Svobodová, Lucie Ulíková, Zdena Charvátová
|
| 250 |
|
|
|a Vyd. 1.
|
| 260 |
|
|
|a Brno :
|b Computer Press,
|c 2007
|
| 300 |
|
|
|a 79 s. :
|b barev. il. ;
|c 25 cm
|
| 490 |
1 |
|
|a Výtvarná inspirace
|
| 650 |
0 |
7 |
|a košíkářství
|7 ph121915
|2 czenas
|
| 650 |
0 |
7 |
|a proutěné výrobky
|7 ph124685
|2 czenas
|
| 650 |
0 |
7 |
|a dekorační předměty
|7 ph114300
|2 czenas
|
| 650 |
0 |
9 |
|a basketry
|2 eczenas
|
| 650 |
0 |
9 |
|a basket-work
|2 eczenas
|
| 650 |
0 |
9 |
|a decorative articles
|2 eczenas
|
| 655 |
|
7 |
|a příručky
|7 fd133209
|2 czenas
|
| 655 |
|
7 |
|a obrazové publikace
|7 fd132947
|2 czenas
|
| 655 |
|
9 |
|a handbooks and manuals
|2 eczenas
|
| 655 |
|
9 |
|a pictorial works
|2 eczenas
|
| 700 |
1 |
|
|a Ulíková-Kunešová, Lucie,
|d 1973-
|7 jo2004244443
|4 aut
|
| 700 |
1 |
|
|a Charvátová, Zdena,
|d 1964-
|7 mzk2007381864
|4 aut
|
| 830 |
|
0 |
|a Výtvarná inspirace
|0 s
|
| 856 |
4 |
1 |
|u http://www.digitalniknihovna.cz/mzk/uuid/uuid:2831e1a0-423d-11ee-a184-005056827e52
|y Digitalizovaný dokument
|x NDK
|
| 910 |
2 |
|
|a BOA001
|b 2-1181.390
|
| 990 |
|
|
|a BK
|
| 995 |
|
|
|a 01
|
| 991 |
|
|
|b 200703
|c NOV
|
| 996 |
6 |
|
|b 2610302260
|c 2-1181.390
|l MZK
|r Sklad / do 1 hodiny
|n 5
|p p.v.
|w 000841456
|u 000010
|a 1
|e BOA001
|j MZK50
|s P
|
| 996 |
7 |
|
|b 2610302261
|c 2-1181.390
|l MZK
|r Sklad / do 1 hodiny
|n 24
|p p.v.
|w 000841456
|u 000020
|a 1
|e BOA001
|j MZK50
|s A
|
| 996 |
7 |
|
|b 2610493650
|c 2-1181.390
|l MZK
|r Sklad / do 1 hodiny
|n 5
|p dar
|w 000841456
|u 000030
|a 1
|e BOA001
|j MZK50
|s A
|